| 000 | 00319nam a2200121Ia 4500 | ||
|---|---|---|---|
| 008 | 220120s9999||||xx |||||||||||||| ||und|| | ||
| 082 | _a620.4 | ||
| 100 |
_aMuralidhara, M.K _911555 |
||
| 245 | 0 | _aApplied thermodynamics | |
| 260 |
_aSapna book house _bNew Delhi _c2013 |
||
| 300 |
_a813p. _b0 |
||
| 650 | _aCOMPUTER SCIENCE | ||
| 999 |
_c133051 _d133051 |
||